Constitución de la Nación Argentina comentada /

Guardado en:
Autor Principal: Quiroga Lavié, Humberto
Formato: Libro
Idioma:Spanish
Publicado: Buenos Aires : Zavalía, 1997
Edición:2a. ed. act.
Materias:
Etiquetas: Agregar Etiqueta
Sin Etiquetas, Sea el primero en etiquetar este registro!
LEADER 00491nam a22001575a 4500
001 DER.der000510
008 180615s1997####ag#||||||||||||||#||spa||
005 20251223135604.0
245 1 0 |a Constitución de la Nación Argentina comentada /  |c Humberto Quiroga Lavié 
250 |a 2a. ed. act. 
260 |a Buenos Aires :  |b Zavalía,  |c 1997 
300 |a 754 p. 
020 |a 9505724004 
100 1 |a Quiroga Lavié, Humberto 
650 7 |a DERECHO CONSTITUCIONAL 
859 |a DERECHO  |b BIB. DERECHO  |h 342.02  |i QUI  |p 000501